A Textbook Of Rapid Prototyping/ (Record no. 166460)

MARC details
000 -LEADER
fixed length control field 00503nam a22001697a 4500
010 ## - LCCN (DPL NO)
LC control number ENG-126065
020 ## - INTERNATIONAL STANDARD BOOK NUMBER
International Standard Book Number 978-93-8472-677-5
Terms of availability 1295.00(hb)
035 ## - SYSTEM CONTROL NUMBER
System control number EN-109597
037 ## - SOURCE OF ACQUISITION
Source of stock number/acquisition DBAD/PUB
082 ## - DEWEY DECIMAL CLASSIFICATION NUMBER
Classification number 621.395
100 ## - MAIN ENTRY--PERSONAL NAME
Personal name S,Ramesh
245 ## - TITLE STATEMENT
Title A Textbook Of Rapid Prototyping/
Statement of responsibility, etc Ramesh S
260 ## - PUBLICATION, DISTRIBUTION, ETC. (IMPRINT)
Place of publication, distribution, etc New Delhi
Name of publisher, distributor, etc Ane Books Pvt.Ltd.
Date of publication, distribution, etc 2017
270 ## - ADDRESS
Address 4821,Parwana Bhawan 1st Floor 24 Ansari Road, Darya Ganj
300 ## - PHYSICAL DESCRIPTION
Extent 178p.
Other physical details 24cm(hb)
942 ## - ADDED ENTRY ELEMENTS (KOHA)
Source of classification or shelving scheme Dewey Decimal Classification
Item type English Books
Classification part 621.95
Call number suffix S
Holdings
Withdrawn status Lost status Not for loan Collection code Home library Current library Date acquired Source of acquisition Cost, normal purchase price Full call number Barcode Copy number Cost, replacement price Koha item type
      Non-fiction Sarojini Nagar Sarojini Nagar 24/07/2019 DBAD/PUB 1295.00 621.95 S EN-109597 1 1295.00 English Books

© Delhi Public Library
Hit Counter
free hit counter